01095nam a2200277 a 450000100060000000300080000600500170001400800410003103500190007204000280009104100080011908200240012709200160015110000430016724500640021026000580027430000510033250000860038350000570046965100430052665100450056971000540061494200120066899900170068095201200069775315BD-RjUL20211209082654.019 s1954 enkb b 000 0 eng d a(BD-RjUL)75533 aDLCcBBHdNRCdEQObeng aeng a956.9223bHOS 1954 aD05032116171 aHourani, Albert H.d1915-1993.922836410aSyria and Lebanon :ba political essay /cby A. H. Hourani. aLondon ;aNew York :bOxford University Press,c1946. ax, 402 p., [1] folded leaf :b5 maps ;c22 cm. a"Issued under the auspices of the Royal Institute of International Affairs"--t.p. a"Bibliographical note": p. 387-390 - Includes index. 0aSyriaxPolitics and government9228365 0aLebanonxPolitics and government92283662 aRoyal Institute of International Affairs.9228367 2ddccBK c75315d75315 00102ddc40718NFICaRUCLbRUCLcReadingd2019-02-19l0o956.9 HOS 1954r2019-02-19 00:00:00tC-1w2019-02-19yBK